000 00333nam a22001457a 4500
003 OSt
005 20160727222416.0
008 160625b xxu||||| |||| 00| 0 eng d
040 _cTEST
100 _91126
_a Gererd, J
245 _aJet Stewardess
260 _aN.Y
_b Julian Messner
_c1962
300 _aJet Stewardess
942 _2ddc
_cBK
999 _c910
_d910